Szczegóły MARC21

Kolumbowie i współcześni : antologia poezji polskiej po roku 1939 /

003 -Nazwa inst., której nr kontr. jest w polu 001 [,]
    • @
    • Nazwa instytucji, której n kontrolny jest w polu 001
    • NUKAT
005 -DATA I CZAS OSTATNIEJ MODYFIKACJI [,]
    • @
    • pole kontrolne
    • 20250820121542.0
040 -Instytucja sporządzająca opis [ , ]
    • a
    • Instytucja, która sporządziła opis (NP)
    • KR 297/JAK
    • b
    • Język katalogowania
    • pol
    • e
    • Zasady katalogowania
    • rda
    • c
    • Instytucja, która sporządziła rekord (NP)
    • KR 297/JAK
    • d
    • Instytucja, która zmodyfikowała rekord (P)
    • KR 297/JAK
    • d
    • Instytucja, która zmodyfikowała rekord (P)
    • BYDG 24/MM
    • d
    • Instytucja, która zmodyfikowała rekord (P)
    • Ł U/bb
    • d
    • Instytucja, która zmodyfikowała rekord (P)
    • Ł U/MRs
942 -Rodzaj dokumentu [ , ]
    • c
    • Rodzaj dokumentu
    • Książka
245 -Strefa tytułu i oznaczenia odpowiedzialności [0,0]
    • a
    • Tytuł
    • Kolumbowie i współcześni : Find
    • b
    • Ciąg dalszy tytułu (NP)
    • antologia poezji polskiej po roku 1939 / Find
    • c
    • Pozostałe elementy strefy tytułu i oznaczenia odpowiedzialności (NP)
    • Andrzej Lam.
250 -Strefa wydania [ , ]
    • a
    • Oznaczenie wydania (NP)
    • Wydanie 2 zmienione.
260 -Strefa adresu wydawniczego [ , ]
    • a
    • Miejsce wydania (P)
    • Warszawa :
    • b
    • Nazwa wydawcy (P)
    • Czytelnik,
    • c
    • Data wydania (P)
    • 1976.
300 -Strefa opisu fizycznego [ , ]
    • a
    • Określenie formy książki i/lub objętość (NP)
    • 509, [3] strony ;
    • c
    • Format (NP)
    • 18 cm.
336 -Typ zawartości [ , ]
    • a
    • Termin opisujący typ zawartości
    • Tekst
    • b
    • Kod określający zawartość
    • txt
    • 2
    • Źródło (terminu i kodu)
    • rdacontent
337 -Typ mediów [ , ]
    • a
    • Tryb odtwarzania
    • Bez urządzenia pośredniczącego
    • b
    • Kod typu mediów
    • n
    • 2
    • Źródło (terminu i kodu)
    • rdamedia
338 -Typ/rodzaj nośnika [ , ]
    • a
    • Hasło opisujące typ nośnika
    • Wolumin
    • b
    • Kod typu nośnika
    • nc
    • 2
    • Źródło (terminu i kodu)
    • rdacarrier
380 -Deskryptor - Forma dzieła (P) [ , ]
    • a
    • forma dzieła (NP)
    • Książki
380 -Deskryptor - Forma dzieła (P) [ , ]
    • a
    • forma dzieła (NP)
    • Poezja
386 -Deskryptor - przynależność kulturowa (P) [ , ]
    • m
    • Wyrażenie wprowadzające (NP)
    • Przynależność kulturowa
    • a
    • Przynależność kulturowa (NP)
    • Literatura polska
388 -Deskryptor - czas powstania dzieła (P) [1, ]
    • a
    • Czas powstania dzieła (NP)
    • 1901-2000
388 -Deskryptor - czas powstania dzieła (P) [1, ]
    • a
    • Czas powstania dzieła (NP)
    • 1939-1945
388 -Deskryptor - czas powstania dzieła (P) [1, ]
    • a
    • Czas powstania dzieła (NP)
    • 1945-1989
388 -Deskryptor - czas powstania dzieła (P) [2, ]
    • a
    • Czas powstania dzieła (NP)
    • 1901-2000
388 -Deskryptor - czas powstania dzieła (P) [2, ]
    • a
    • Czas powstania dzieła (NP)
    • 1945-1989
490 -Strefa serii i książki wielotomowej - forma nie do wyszukiwania [1, ]
    • a
    • Tytuł (P)
    • Biblioteka Literatury XXX-Lecia Find
830 -Hasło dodatkowe serii i opisu książki wielotomowej - tytuł ujednolicony/tytuł [ ,0]
    • a
    • Tytuł ujednolicony/tytuł (NP)
    • Biblioteka Literatury XXX-Lecia
    • 9
    • KHW
    • 9901
650 -Hasło przedmiotowe [ ,7]
    • a
    • Hasło przedmiotowe
    • Antologia
    • 2
    • Źródło terminu
    • DBN
    • 9
    • KHW
    • 729611
650 -Hasło przedmiotowe [ ,7]
    • a
    • Hasło przedmiotowe
    • Wiersze
    • 2
    • Źródło terminu
    • DBN
    • 9
    • KHW
    • 729545
655 -Hasło w funkcji tematu formalnego [ ,7]
    • a
    • Hasło
    • Poezja polska
    • y
    • Określnik chronologiczny
    • 1945-1970
    • v
    • Określnik formy
    • antologie.
    • 2
    • Źródło terminu
    • kaba
    • 9
    • KHW
    • 358712
655 -Hasło w funkcji tematu formalnego [ ,7]
    • a
    • Hasło
    • Poezja polska
    • y
    • Określnik chronologiczny
    • 1939-1945
    • v
    • Określnik formy
    • antologie.
    • 2
    • Źródło terminu
    • kaba
    • 9
    • KHW
    • 370665
700 -Hasło dodatkowe - nazwa osobowa [1, ]
    • a
    • Nazwa osobowa (NP)
    • Lam, Andrzej Find
    • d
    • Daty biograficzne (NP)
    • (1929- ).
    • e
    • Określenie rodzaju współpracy
    • Opracowanie
    • 9
    • KHW
    • 18583
710 -Hasło dodatkowe - nazwa ciała zbiorowego [2, ]
    • a
    • Nazwa ciała zbiorowego lub nazwa geograficzna jako pierwszy element (NP)
    • Spółdzielnia Wydawnicza "Czytelnik".
    • e
    • Rodzaj współpracy
    • Wydawca
    • 4
    • Kod relacji
    • pbl
    • 9
    • KHW
    • 52317
Lokalizacja Uwagi nie widoczne w OPAC Status udost. Numer inwentarzowy Sygnatura
BG 1Z.21930egz.arch
BG -3W.50741 
BG -3W.111684 
BMdepozyt BM1W.50742POL.Antol.- poezja pol. XX w. 11